[Event "Nova Gorica op-B 10th"]
[Site "Nova Gorica"]
[Date "2005.01.31"]
[Round "6"]
[White "Jug, Tina"]
[Black "Lapornik, Robert"]
[Result "0-1"]
[WhiteElo "1507"]
[BlackElo "2000"]
[PlyCount "106"]
[EventDate "2005.01.28"]
[EventType "swiss"]
[EventRounds "9"]
[EventCountry "SLO"]
[SourceTitle "CBM 104 Extra"]
[Source "ChessBase"]
[SourceDate "2005.03.01"]
[SourceVersion "1"]
[SourceVersionDate "2005.03.01"]
[SourceQuality "1"]

1. e4 Nf6 2. Nc3 e6 3. d4 b6 4. Bg5 Be7 5. Nf3 Bb7 6. Bxf6 Bxf6 7. Be2 a6 8. 0-0 d6 9. Re1 Nd7 10. h3 Be7 11. Qd2 h6 12. Qf4 g5 13. Qe3 h5 14. Nh2 Nf8 15. f4 gxf4 16. Qxf4 Bg5 17. Qf3 Qe7 18. Qd3 Ng6 19. Bf3 Nh4 20. d5 e5 21. Qc4 b5 22. Qb3 Rb8 23. a4 Bd2 24. Red1 Bxc3 25. Qxc3 Qd7 26. axb5 axb5 27. Qb3 Rg8 28. Kh1 Bc8 29. Rg1 Rg5 30. Ra7 f6 31. Qe3 Bb7 32. Qb3 Ng6 33. Be2 Bc8 34. Ra5 Ke7 35. Rxb5 Ra8 36. Rb8 Rxb8 37. Qxb8 Nf4 38. Bf3 Nxh3 39. gxh3 Rxg1+ 40. Kxg1 Qxh3 41. Qxc7+ Bd7 42. Bg2 Qe3+ 43. Kh1 Qe1+ 44. Nf1 Qh4+ 45. Nh2 Qg3 46. c3 h4 47. b4 h3 48. Bf1 Qe1 49. b5 Qxe4+ 50. Kg1 Qe3+ 51. Kh1 Ke8 52. Qxd6 Bf5 53. Qc6+ Kf7 0-1

[Event "Nova Gorica op-B 10th"]
[Site "Nova Gorica"]
[Date "2005.01.28"]
[Round "2"]
[White "Lapornik, Robert"]
[Black "Stolfa, Rodolfo"]
[Result "0-1"]
[WhiteElo "2000"]
[BlackElo "1700"]
[PlyCount "61"]
[EventDate "2005.01.28"]
[EventType "swiss"]
[EventRounds "9"]
[EventCountry "SLO"]
[SourceTitle "CBM 104 Extra"]
[Source "ChessBase"]
[SourceDate "2005.03.01"]
[SourceVersion "1"]
[SourceVersionDate "2005.03.01"]
[SourceQuality "1"]

1. Nf3 Nc6 2. c4 e5 3. d3 Nf6 4. e3 Bb4+ 5. Bd2 d6 6. a3 Bxd2+ 7. Nbxd2 Bg4 8. Be2 0-0 9. h3 Bd7 10. b4 a6 11. Qc2 Qc8 12. Rg1 Bf5 13. g4 Bg6 14. Nh2 Re8 15. h4 e4 16. d4 Nxd4 17. Qd1 Nxe2 18. Qxe2 h5 19. g5 Nd7 20. Nhf1 Ne5 21. Ng3 Nd3+ 22. Kd1 Qg4 23. f3 exf3 24. Qxf3 Qxf3+ 25. Nxf3 Rxe3 26. Rf1 Nb2+ 27. Kc1 Nxc4 28. Rf2 Rae8 29. Kd1 Rd3+ 30. Kc1 Rxf3 31. Re2 0-1